| Tag |
First Indicator |
Second Indicator |
Subfields |
| LEADER |
00000cam a2200000 a 4500 |
| 001 |
in00001409968 |
| 005 |
20151020070435.0 |
| 008 |
890705r19901988nyua j 000 1 eng |
| 010 |
|
|
|a 89010595
|
| 020 |
|
|
|a 0140341706
|
| 035 |
|
|
|a (OCoLC)20056731
|
| 035 |
|
|
|9 AHP8906AM
|
| 040 |
|
|
|a DLC
|c DLC
|d UtOrBLW
|
| 049 |
|
|
|a TXAG
|
| 050 |
1 |
0 |
|a PZ7.K6797
|b Hi 1990
|
| 082 |
0 |
0 |
|a [Fic]
|2 20
|
| 100 |
1 |
|
|a Kline, Suzy.
|
| 245 |
1 |
0 |
|a Herbie Jones and the monster ball /
|c by Suzy Kline ; illustrated by Richard Williams.
|
| 264 |
|
1 |
|a New York, N.Y. :
|b Puffin Books,
|c 1990
|
| 264 |
|
4 |
|c ©1988
|
| 300 |
|
|
|a 126 pages :
|b illustrations ;
|c 20 cm.
|
| 336 |
|
|
|a text
|b txt
|2 rdacontent
|
| 337 |
|
|
|a unmediated
|b n
|2 rdamedia
|
| 338 |
|
|
|a volume
|b nc
|2 rdacarrier
|
| 500 |
|
|
|a Reprint. Originally published: New York : Putnam, c1988.
|
| 520 |
|
|
|a Strike-out king, Herbie Jones, feels that the summer is ruined when his uncle arrives to coach a baseball team and asks Herbie to join up.
|
| 650 |
|
0 |
|a Baseball stories.
|
| 650 |
|
1 |
|a Uncles
|x Fiction.
|
| 700 |
1 |
|
|a Williams, Richard,
|d 1950-
|e illustrator.
|
| 999 |
|
|
|a MARS
|
| 999 |
f |
f |
|s e6ebf211-982a-3bbc-89c9-edfd470bb458
|i b51ca1ef-3a99-3819-bedd-b00c9be847f1
|t 0
|
| 952 |
f |
f |
|p ric
|a Texas A&M University
|b Rellis Campus
|c Joint Library Facility
|d Remote Storage
|t 0
|e PZ7.K6797 Hi 1990
|h Library of Congress classification
|i unmediated -- volume
|m A14822371741
|
| 998 |
f |
f |
|a PZ7.K6797 Hi 1990
|t 0
|l Remote Storage
|